Konzumy na cestě do tržní ekonomiky.
Spotrebné družstvá, jestvujúce v dobe socialistickej distribúcie, sa museli ako celé družstevné hnutie, pretransformovať do svojej pôvodnej podoby. 73 konzumných družstiev ČR prešlo právnou transformáciou. Ekonomická transformácia, ktorá im umožní obstáť v trhovej konkurencii, je ešte pred nimi. Hla...
Na minha lista:
| Autor principal: | |
|---|---|
| Formato: | Capítulo de Livro |
| Idioma: | tcheco |
| Assuntos: | |
| Tags: |
Sem tags, seja o primeiro a adicionar uma tag!
|
MARC
| LEADER | 00000naa a2200000 4500 | ||
|---|---|---|---|
| 001 | r011398 | ||
| 005 | 20220826093428.9 | ||
| 041 | 0 | |a cze | |
| 044 | |a [CS] | ||
| 245 | 1 | 0 | |a Konzumy na cestě do tržní ekonomiky. |c J. Hejkal |
| 520 | |a Spotrebné družstvá, jestvujúce v dobe socialistickej distribúcie, sa museli ako celé družstevné hnutie, pretransformovať do svojej pôvodnej podoby. 73 konzumných družstiev ČR prešlo právnou transformáciou. Ekonomická transformácia, ktorá im umožní obstáť v trhovej konkurencii, je ešte pred nimi. Hlavné úlohy, ktoré musia riešiť. | ||
| 610 | 2 | 0 | |a družstvá spotrebné |
| 610 | 2 | 0 | |a transformácia |
| 610 | 2 | 0 | |a Čechy |
| 100 | 1 | |a Hejkal, J. | |